<?xml version="1.0" encoding="UTF-8"?><?xml-stylesheet type="text/xsl" href="static/style.xsl"?><OAI-PMH xmlns="http://www.openarchives.org/OAI/2.0/" xmlns:xsi="http://www.w3.org/2001/XMLSchema-instance" xsi:schemaLocation="http://www.openarchives.org/OAI/2.0/ http://www.openarchives.org/OAI/2.0/OAI-PMH.xsd"><responseDate>2026-06-06T05:00:19Z</responseDate><request verb="GetRecord" identifier="oai:riuma.uma.es:10630/17553" metadataPrefix="marc">https://riuma.uma.es/rest/oai/request</request><GetRecord><record><header><identifier>oai:riuma.uma.es:10630/17553</identifier><datestamp>2026-02-03T10:20:52Z</datestamp><setSpec>com_10630_1685</setSpec><setSpec>col_10630_38055</setSpec></header><metadata><record xmlns="http://www.loc.gov/MARC21/slim" xmlns:dcterms="http://purl.org/dc/terms/" xmlns:doc="http://www.lyncode.com/xoai" xmlns:xsi="http://www.w3.org/2001/XMLSchema-instance" xsi:schemaLocation="http://www.loc.gov/MARC21/slim http://www.loc.gov/standards/marcxml/schema/MARC21slim.xsd">
   <leader>00925njm 22002777a 4500</leader>
   <datafield ind2=" " ind1=" " tag="042">
      <subfield code="a">dc</subfield>
   </datafield>
   <datafield ind2=" " ind1=" " tag="720">
      <subfield code="a">Hijano Calderón, Pablo</subfield>
      <subfield code="e">author</subfield>
   </datafield>
   <datafield ind2=" " ind1=" " tag="260">
      <subfield code="c">2019-04-23</subfield>
   </datafield>
   <datafield ind2=" " ind1=" " tag="520">
      <subfield code="a">Se ha desarrollado una aplicación web que se conecta a una red blockchain de Ethereum para manejar licitaciones y permitir a las personas interesadas participar en ellas. Un gestor es el encargado de crear una licitación con unos parámetros concretos.&#xd;
Cualquier persona, ya sea la representante de una empresa o un autónomo, puede registrarse en la aplicación introduciendo unos datos básicos. Una vez registrada, puede acceder a las licitaciones activas que haya en ese momento y presentar una oferta a la licitación que vea conveniente. En base a los parámetros seleccionados y a las fechas estipuladas, la red elige de entre todos los participantes a un ganador. Cuando se haya seleccionado el ganador, se publicará en la misma licitación de forma pública.&#xd;
Durante todo este proceso, cualquier ciudadano puede acceder a las licitaciones de forma pública y ver, una vez transcurrido el periodo de presentaciones, qué empresas participan en una licitación concreta. Cuando se decida el ganador, el ciudadano podrá verlo al mismo tiempo que las empresas.</subfield>
   </datafield>
   <datafield ind1="8" ind2=" " tag="024">
      <subfield code="a">https://hdl.handle.net/10630/17553</subfield>
   </datafield>
   <datafield tag="653" ind2=" " ind1=" ">
      <subfield code="a">Informática - Trabajos Fin de Grado</subfield>
   </datafield>
   <datafield tag="653" ind2=" " ind1=" ">
      <subfield code="a">Grado en Ingeniería del Software - Trabajos Fin de Grado</subfield>
   </datafield>
   <datafield tag="653" ind2=" " ind1=" ">
      <subfield code="a">Licitaciones - Adjudicación administrativa</subfield>
   </datafield>
   <datafield tag="653" ind2=" " ind1=" ">
      <subfield code="a">Blockchain - Tecnología</subfield>
   </datafield>
   <datafield tag="653" ind2=" " ind1=" ">
      <subfield code="a">Criptomoneda - Tecnología</subfield>
   </datafield>
   <datafield tag="653" ind2=" " ind1=" ">
      <subfield code="a">Aplicaciones software</subfield>
   </datafield>
   <datafield ind2="0" ind1="0" tag="245">
      <subfield code="a">Sistema de licitaciones electrónicas para administraciones públicas con uso de blockchain y smart contracts</subfield>
   </datafield>
</record>
</metadata></record></GetRecord></OAI-PMH>